Русско-немецкий словарь: Около 53000 слов

Bibliographic Details
Other Authors: Лепинг Е. И. (редактор), Страховая Н. П., Лейн К., Эккерт Р.
Language:Russian
German
Published: Москва, Русский язык, 1983
Edition:9-е изд., стер.
Subjects:
Format: Book
KOHA link:https://koha.lib.tpu.ru/cgi-bin/koha/opac-detail.pl?biblionumber=42013

MARC

LEADER 00000nam0a2200000 4500
001 42013
005 20231031014814.0
035 |a (RuTPU)RU\TPU\book\43191 
090 |a 42013 
100 |a 20020719d1983 m y0rusy50 ca 
101 0 |a rus  |a ger 
102 |a RU 
105 |a y e 001zy 
200 1 |a Русско-немецкий словарь  |e Около 53000 слов  |f Под ред. Е. И. Лепинг, Н. П. Страховой, К. Лейна, Р. Эккерта 
205 |a 9-е изд., стер. 
210 |a Москва  |c Русский язык  |d 1983 
215 |a 847 с. 
320 |a Геогр. назв.: с. 827-834. 
610 1 |a немецкий язык 
610 1 |a словари 
686 |a Ш143.24-4  |v LBC/SL-A  |2 rubbk 
702 1 |a Лепинг  |b Е. И.  |4 340 
702 1 |a Страховая  |b Н. П.  |4 340 
702 1 |a Лейн  |b К.  |4 340 
702 1 |a Эккерт  |b Р.  |4 340 
801 1 |a RU  |b 63413507  |c 20020719  |g PSBO 
801 2 |a RU  |b 63413507  |c 20110915  |g PSBO 
942 |c BK